00821nam a2200265 i 4500001000300000100002800003245010600031260004800137300002100185490003300206504001200239650003100251650001300282655003000295700002200325700004300347830003300390015001800423020001800441040000800459041000800467044000800475080003100483008004100514bg1 aWierzbicka, Elżbieta.10aPodstawy stylistyki i retoryki /cElżbieta Wierzbicka, Adam Wolański, Dorota Zdunkiewicz-Jedynak. aWarszawa :bWydawnictwo Naukowe PWN,c2008. a179 s. ;c24 cm.1 aPraktyczny Pomocnik Studenta aIndeks. 9aJęzyk polskixstylistyka 9aRetoryka aPodręczniki akademickie1 aWolański, Adam.1 aZdunkiewicz-Jedynak, Dorotad(1962- ). aPraktyczny Pomocnik Studenta aPB 26770/2008 a9788301155643 cBPK apol aPOL a811.162.1'38:808.5](075.8)081021s2008 pl f f |001 0 pol